[Event "Pushchino autumn 2013"]
[Site "Pushchino"]
[Date "2013.12.01"]
[Round "8.1"]
[White "Charochkina, Daria"]
[Black "Dyakonova, Ekaterina"]
[Result "1-0"]
[WhiteElo "2337"]
[BlackElo "1928"]
[PlyCount "91"]
[EventDate "2013.11.24"]

1. e4 c6 2. d4 d5 3. e5 c5 4. dxc5 Nc6 5. Nf3 a6 6. c3 Bg4 7. h3 Bxf3 8. Qxf3
Nxe5 9. Qg3 Nc6 10. Bd3 g6 11. f4 e6 12. Be3 Nge7 13. Nd2 Bg7 14. Nb3 O-O 15.
O-O-O Rb8 16. Qf2 b5 17. cxb6 Nc8 18. h4 Nxb6 19. h5 e5 20. Bc5 Re8 21. hxg6
fxg6 22. Be4 exf4 23. Bxb6 Qxb6 24. Bxd5+ Kh8 25. Qxf4 Re5 26. g4 Rf8 27. Qh2
h6 28. Qd2 g5 29. Bxc6 Qxc6 30. Nd4 Qd5 31. Nf5 Qxa2 32. Nxh6 Qa1+ 33. Kc2 Qa4+
34. Kb1 Qe4+ 35. Qd3 Bxh6 36. Rxh6+ Kg7 37. Rxa6 Rf4 38. Qxe4 Rexe4 39. Rd7+
Rf7 40. Raa7 Rxd7 41. Rxd7+ Kf6 42. Rd4 Re1+ 43. Ka2 Ke5 44. b4 Rf1 45. Kb3
Rb1+ 46. Kc4 1-0

[Event "Pushchino autumn 2013"]
[Site "Pushchino"]
[Date "2013.12.01"]
[Round "8.2"]
[White "Belenkaya, Dina"]
[Black "Schepetkova, Margarita"]
[Result "1/2-1/2"]
[WhiteElo "2227"]
[BlackElo "2252"]
[PlyCount "82"]
[EventDate "2013.11.24"]

1. e4 c6 2. d4 d5 3. Nc3 dxe4 4. Nxe4 Bf5 5. Ng3 Bg6 6. h4 h6 7. h5 Bh7 8. Nf3
Nd7 9. Bd3 Bxd3 10. Qxd3 e6 11. Bf4 Qa5+ 12. Bd2 Qc7 13. O-O-O Ngf6 14. Ne4
O-O-O 15. g3 Nxe4 16. Qxe4 Bd6 17. c4 c5 18. d5 Nf6 19. Qc2 exd5 20. cxd5 Rhe8
21. Bc3 Qd7 22. Bxf6 gxf6 23. Nh4 Re5 24. f4 Rxh5 25. Qe2 Rxd5 26. Rxd5 Bxf4+
27. gxf4 Qxd5 28. Rd1 Qxa2 29. Rxd8+ Kxd8 30. Nf5 Qe6 31. Qd3+ Kc7 32. Nxh6
Qe1+ 33. Kc2 Qh4 34. Nxf7 Qxf4 35. Qd8+ Kc6 36. Qc8+ Kb6 37. Qd8+ Kc6 38. Qe8+
Kc7 39. Qd8+ Kc6 40. Qe8+ Kc7 41. Qd8+ Kc6 1/2-1/2

[Event "Pushchino autumn 2013"]
[Site "Pushchino"]
[Date "2013.12.01"]
[Round "8.4"]
[White "Tarasova, Viktoriya"]
[Black "Baraeva, Marina"]
[Result "1/2-1/2"]
[WhiteElo "2286"]
[BlackElo "2136"]
[PlyCount "143"]
[EventDate "2013.11.24"]

1. d4 d5 2. c4 c6 3. Nf3 Nf6 4. Nc3 dxc4 5. a4 Bf5 6. Ne5 Nbd7 7. Nxc4 Qc7 8.
g3 e5 9. dxe5 Nxe5 10. Bf4 Nfd7 11. Bg2 f6 12. O-O Nc5 13. Ne3 Bg6 14. b4 Ne6
15. b5 Rd8 16. Qb3 Nd4 17. Qb2 Bc5 18. Ng4 O-O 19. Ne4 Bxe4 20. Bxe4 Qd7 21.
Nxe5 fxe5 22. Be3 cxb5 23. axb5 Kh8 24. Rad1 Qc7 25. Kg2 Qb6 26. Rb1 Rd7 27.
Rfd1 Rd6 28. Rdc1 Rd7 29. Rc4 Qd6 30. f3 Bb6 31. Rd1 Qe6 32. Qb4 Rfd8 33. Bxd4
Bxd4 34. Rd3 Bb6 35. Rcc3 Bd4 36. Rc2 Re8 37. Qb1 g6 38. Qb4 Bb6 39. Rxd7 Qxd7
40. Rd2 Qc7 41. Rc2 Qd7 42. Qc4 Kg7 43. Bd5 Rd8 44. e4 Qe7 45. Qc3 Re8 46. f4
Bd4 47. Qc7 b6 48. Qxe7+ Rxe7 49. Rc8 Bc5 50. Kf3 exf4 51. gxf4 Rd7 52. Ke2 Bd6
53. Rg8+ Kh6 54. Ke3 Bc5+ 55. Kf3 Bd4 56. Kg4 Bf6 57. Rc8 Kg7 58. h3 Bd4 59.
Kf3 Bc5 60. Rg8+ Kh6 61. Re8 Kh5 62. Kg3 Bb4 63. Re5+ Kh6 64. Re8 Kh5 65. Re5+
Kh6 66. Kg4 Re7 67. Rxe7 Bxe7 68. e5 Kg7 69. Kf3 Kf8 70. Ke4 Bh4 71. Bc4 Bg3
72. f5 1/2-1/2

[Event "Pushchino autumn 2013"]
[Site "Pushchino"]
[Date "2013.12.01"]
[Round "8.6"]
[White "Baraeva, Irina"]
[Black "Azimova, Karina"]
[Result "1-0"]
[WhiteElo "2211"]
[BlackElo "2094"]
[PlyCount "89"]
[EventDate "2013.11.24"]

1. d4 Nf6 2. c4 d6 3. Nf3 g6 4. Nc3 Bg7 5. e4 O-O 6. Be2 e5 7. Be3 exd4 8. Nxd4
Nc6 9. O-O Re8 10. f3 Nh5 11. Nxc6 bxc6 12. Qd2 a5 13. Rad1 Qe7 14. Rfe1 a4 15.
Qc2 a3 16. b3 f5 17. Bd3 f4 18. Bf2 Qg5 19. c5 Be6 20. cxd6 cxd6 21. Na4 c5 22.
Qc1 Kh8 23. Bb5 Bh3 24. Bf1 Be5 25. Nb6 Rad8 26. Qxa3 Be6 27. Qc1 h6 28. Nc4
Bxc4 29. Bxc4 Ng7 30. Bf7 Rf8 31. Qc4 Qf6 32. Bd5 Rb8 33. Rd3 Rb4 34. Qa6 Rfb8
35. Red1 R4b6 36. Qa7 Ne6 37. Bxe6 Qxe6 38. Bxc5 R8b7 39. Bxb6 Rxa7 40. Bxa7
Qc8 41. Bd4 Kg7 42. Bxe5+ dxe5 43. Rd7+ Kf6 44. h4 Qc5+ 45. Kh1 1-0

[Event "Pushchino autumn 2013"]
[Site "Pushchino"]
[Date "2013.12.01"]
[Round "8.7"]
[White "Fomkina, Maria G"]
[Black "Ubiennykh, Ekaterina"]
[Result "0-1"]
[WhiteElo "1906"]
[BlackElo "2340"]
[PlyCount "68"]
[EventDate "2013.11.24"]

1. e4 c6 2. d4 d5 3. exd5 cxd5 4. Bd3 Nc6 5. Ne2 Bg4 6. c3 e6 7. f3 Bh5 8. Nf4
Bg6 9. Nxg6 hxg6 10. f4 Bd6 11. Be3 Nge7 12. Nd2 Qc7 13. g3 Nf5 14. Bxf5 gxf5
15. Nf3 Na5 16. Qa4+ Ke7 17. Rd1 Rab8 18. Qc2 b5 19. a3 Nc4 20. Bc1 a5 21. O-O
Rhc8 22. Rfe1 Kf8 23. Ng5 Be7 24. Qg2 Qc6 25. Qh3 Bf6 26. Nh7+ Ke7 27. Qxf5 b4
28. Nxf6 gxf6 29. Qd3 bxc3 30. bxc3 Nd6 31. Bd2 f5 32. Rb1 Qc4 33. Qe3 Ne4 34.
Rbc1 Rb2 0-1

[Event "Pushchino autumn 2013"]
[Site "Pushchino"]
[Date "2013.12.01"]
[Round "8.8"]
[White "Usacheva, Glafira"]
[Black "Mirzoeva, Elmira"]
[Result "0-1"]
[WhiteElo "1528"]
[BlackElo "2248"]
[PlyCount "76"]
[EventDate "2013.11.24"]

1. e4 c6 2. d4 d5 3. exd5 cxd5 4. Bd3 Nc6 5. c3 Qc7 6. h3 g6 7. Nf3 Bf5 8. O-O
Nf6 9. Re1 Bg7 10. Bxf5 gxf5 11. Nh4 O-O-O 12. Nxf5 Rhg8 13. Qf3 Ne4 14. Nd2
Ng5 15. Qg3 Bf6 16. Qxc7+ Kxc7 17. Ng3 e5 18. dxe5 Nxe5 19. Re3 d4 20. cxd4
Rxd4 21. Nh5 Nd7 22. Nxf6 Nxf6 23. b3 Nd5 24. Rg3 h6 25. Nf1 f5 26. Bb2 Re4 27.
Rc1+ Kb8 28. Rc5 f4 29. Rxg5 Rxg5 30. h4 Rf5 31. f3 Re2 32. g4 fxg3 33. Nxg3
Rg2+ 34. Kxg2 Nf4+ 35. Kf2 Rxc5 36. Ke3 Ng2+ 37. Ke4 Nxh4 38. Be5+ Kc8 0-1

[Event "Pushchino autumn 2013"]
[Site "Pushchino"]
[Date "2013.11.30"]
[Round "7.2"]
[White "Schepetkova, Margarita"]
[Black "Baraeva, Irina"]
[Result "1-0"]
[WhiteElo "2252"]
[BlackElo "2211"]
[PlyCount "133"]
[EventDate "2013.11.24"]

1. d4 d5 2. c4 c6 3. Nc3 Nf6 4. e3 a6 5. Qc2 Bg4 6. h3 Bh5 7. cxd5 Nxd5 8. Qb3
Qb6 9. Qxb6 Nxb6 10. Bd2 e6 11. Rc1 N8d7 12. Nge2 f6 13. Ne4 e5 14. dxe5 Nxe5
15. Nf4 Bf7 16. b3 Nd5 17. Nxd5 Bxd5 18. Nc3 Bf7 19. f4 Nd7 20. Ne4 Ba3 21. Rc2
Bg6 22. Bd3 O-O-O 23. Ke2 Rhe8 24. Nf2 Nc5 25. Bxg6 hxg6 26. b4 Ne4 27. Nxe4
Rxe4 28. Kf3 Re7 29. Rb1 Red7 30. Ke2 a5 31. b5 Rd5 32. bxc6 bxc6 33. Rxc6+ Kd7
34. Rc2 Ke7 35. Rb7+ Kf8 36. Be1 g5 37. g3 gxf4 38. gxf4 g5 39. Rc4 Bb4 40.
Bxb4+ axb4 41. Rcxb4 Rd2+ 42. Kf3 Rxa2 43. R4b6 gxf4 44. Rxf6+ Kg8 45. Rxf4 Rh2
46. Rg4+ Kh8 47. Kg3 Re2 48. Re7 Rdd2 49. Kf4 Rf2+ 50. Kg5 Rd5+ 51. Kh4 Rf3 52.
Rc4 Rd8 53. Rc5 Rdf8 54. Rh5+ Kg8 55. Rg5+ Kh8 56. Re4 R8f7 57. Kg4 Rf1 58. Re6
Kh7 59. Kh5 R1f6 60. Rxf6 Rxf6 61. e4 Rf4 62. Rg4 Rf3 63. h4 Rf1 64. Kg5 Kg7
65. h5 Rh1 66. Rh4 Rg1+ 67. Kf5 1-0

[Event "Pushchino autumn 2013"]
[Site "Pushchino"]
[Date "2013.11.30"]
[Round "7.3"]
[White "Belenkaya, Dina"]
[Black "Ovod, Evgenija"]
[Result "1/2-1/2"]
[WhiteElo "2227"]
[BlackElo "2378"]
[PlyCount "63"]
[EventDate "2013.11.24"]

1. e4 e5 2. Nf3 Nc6 3. Bb5 a6 4. Ba4 Nf6 5. d4 exd4 6. O-O Be7 7. e5 Ne4 8. Re1
Nc5 9. Bxc6 dxc6 10. Nxd4 Ne6 11. Nf5 Qxd1 12. Rxd1 Bd8 13. Nc3 g6 14. Nh6 f5
15. exf6 Bxf6 16. Ne4 Bg7 17. Re1 Ke7 18. c3 Re8 19. Be3 Kf8 20. Rad1 b6 21.
Ng4 h5 22. Ngf6 Re7 23. f3 Bb7 24. g4 hxg4 25. fxg4 Rd8 26. g5 Rxd1 27. Rxd1 c5
28. Rf1 Rf7 29. Nd7+ Ke7 30. Ndf6 Bxf6 31. Nxf6 Rf8 32. Kf2 1/2-1/2

[Event "Pushchino autumn 2013"]
[Site "Pushchino"]
[Date "2013.11.30"]
[Round "7.5"]
[White "Ubiennykh, Ekaterina"]
[Black "Zherebtsova, Alexandra"]
[Result "0-1"]
[WhiteElo "2340"]
[BlackElo "2081"]
[PlyCount "72"]
[EventDate "2013.11.24"]

1. d4 Nf6 2. c4 e5 3. dxe5 Ng4 4. e3 Nxe5 5. Nh3 Nbc6 6. Nf4 Bc5 7. a3 a5 8.
Nc3 O-O 9. Be2 Ne7 10. O-O N7g6 11. Nh5 d6 12. Kh1 Qh4 13. Qd5 Bg4 14. Bxg4
Nxg4 15. h3 c6 16. Qf5 Nh6 17. Qf3 Qxc4 18. Bd2 Qh4 19. Rad1 Ne5 20. Qe2 d5 21.
f4 Neg4 22. Na4 Ba7 23. Nxg7 Qg3 24. hxg4 Nxg4 25. Qxg4 Qxg4 26. Rf3 Qxg7 27.
Kh2 Kh8 28. Rg3 Qh6+ 29. Rh3 Qe6 30. b4 axb4 31. axb4 b5 32. Nc3 Rg8 33. Ne2
Qg4 34. Rg1 Qxe2 35. Bc3+ d4 36. exd4 f6 0-1

[Event "Pushchino autumn 2013"]
[Site "Pushchino"]
[Date "2013.11.30"]
[Round "7.6"]
[White "Dyakonova, Ekaterina"]
[Black "Azimova, Karina"]
[Result "1-0"]
[WhiteElo "1928"]
[BlackElo "2094"]
[PlyCount "75"]
[EventDate "2013.11.24"]

1. e4 e5 2. Nf3 d6 3. d4 exd4 4. Nxd4 Nf6 5. Nc3 Be7 6. Be2 O-O 7. O-O Re8 8.
f4 Bf8 9. Bf3 Nbd7 10. Re1 c6 11. Be3 Nb6 12. Qd3 Qc7 13. h3 a6 14. g4 Nfd7 15.
Rad1 Nc5 16. Qe2 Bd7 17. Kh1 Rad8 18. h4 Bc8 19. h5 d5 20. e5 Ncd7 21. Bf2 c5
22. Nf5 g6 23. Nxd5 Nxd5 24. Bxd5 Nb6 25. Be4 Rxd1 26. Rxd1 gxf5 27. gxf5 f6
28. Rg1+ Kh8 29. Bh4 Nd7 30. Qg4 Bh6 31. e6 Qd6 32. exd7 Bxd7 33. Rd1 Qe7 34.
Bd5 Rf8 35. Rg1 Qg7 36. Qxg7+ Bxg7 37. h6 Bxh6 38. Bxf6+ 1-0

[Event "Pushchino autumn 2013"]
[Site "Pushchino"]
[Date "2013.11.30"]
[Round "7.7"]
[White "Fomkina, Maria G"]
[Black "Tarasova, Viktoriya"]
[Result "0-1"]
[WhiteElo "1906"]
[BlackElo "2286"]
[PlyCount "84"]
[EventDate "2013.11.24"]

1. e4 c5 2. Nf3 d6 3. d4 cxd4 4. Nxd4 Nf6 5. f3 e5 6. Bb5+ Bd7 7. Bxd7+ Nbxd7
8. Nf5 d5 9. exd5 Nb6 10. c4 Nxc4 11. Qa4+ Qd7 12. Qxd7+ Kxd7 13. Nc3 Bb4 14.
O-O Bxc3 15. bxc3 g6 16. Nh6 Rhf8 17. Rd1 Rac8 18. Bg5 Ne8 19. Ng4 f6 20. Bh4
b6 21. Bg3 Ned6 22. Bh4 g5 23. Be1 h5 24. Nf2 Rc5 25. Rab1 Ra5 26. Ra1 Ne3 27.
Rd3 Nc2 28. Rc1 Nxe1 29. Rxe1 Rxa2 30. Ne4 Ke7 31. Nxg5 fxg5 32. Rxe5+ Kf7 33.
Rxg5 Rg8 34. h4 a5 35. Re3 Rxg5 36. hxg5 Rd2 37. Re5 a4 38. Re1 a3 39. f4 a2
40. Ra1 Nc4 41. Kh2 Na5 42. d6 Nb3 0-1

[Event "Pushchino autumn 2013"]
[Site "Pushchino"]
[Date "2013.11.29"]
[Round "6.1"]
[White "Charochkina, Daria"]
[Black "Belenkaya, Dina"]
[Result "1-0"]
[WhiteElo "2337"]
[BlackElo "2227"]
[PlyCount "115"]
[EventDate "2013.11.24"]

1. e4 c6 2. d4 d5 3. e5 c5 4. dxc5 Nc6 5. Nf3 Bg4 6. c3 e6 7. Be3 a6 8. Nbd2
Nxe5 9. Be2 Nxf3+ 10. gxf3 Bf5 11. Qa4+ Qd7 12. Qf4 Nf6 13. Rg1 Be7 14. Bd4 Bg6
15. h4 Nh5 16. Qe3 Qc7 17. Nb3 Qf4 18. Na5 Qc7 19. b4 Bf6 20. Bxf6 gxf6 21.
O-O-O Nf4 22. Bf1 e5 23. Rg4 Kf8 24. Rd2 h5 25. Rg1 Kg7 26. Bd3 d4 27. cxd4
exd4 28. Qxd4 Rad8 29. Qe3 Rhe8 30. Be4 Qe5 31. Bxg6 fxg6 32. Qxe5 fxe5 33.
Nxb7 Rxd2 34. Kxd2 Nd5 35. a3 Rf8 36. Ke2 Nc3+ 37. Ke3 Nb5 38. a4 Nd4 39. Rc1
Rb8 40. Nd6 Rxb4 41. c6 Nxc6 42. Rxc6 Rxa4 43. Nc4 a5 44. Nxe5 Rxh4 45. Rxg6+
Kh7 46. Ra6 Ra4 47. f4 h4 48. Kf3 Ra3+ 49. Kg2 h3+ 50. Kh2 Ra4 51. Kxh3 Rxf4
52. Kg3 Ra4 53. f4 Ra1 54. Kg4 a4 55. Kf5 a3 56. Ra7+ Kg8 57. Kf6 Rb1 58. Rxa3
1-0

[Event "Pushchino autumn 2013"]
[Site "Pushchino"]
[Date "2013.11.29"]
[Round "6.2"]
[White "Guseva, Marina"]
[Black "Rodionova, Polina"]
[Result "0-1"]
[WhiteElo "2399"]
[BlackElo "2095"]
[PlyCount "66"]
[EventDate "2013.11.24"]

1. d4 Nf6 2. c4 g6 3. Nc3 Bg7 4. e4 d6 5. f3 O-O 6. Nge2 c5 7. Be3 Nc6 8. d5
Ne5 9. Ng3 e6 10. Be2 exd5 11. cxd5 a6 12. a4 h5 13. O-O Nh7 14. Qd2 h4 15. Nh1
f5 16. Nf2 Re8 17. Kh1 fxe4 18. Nfxe4 Bf5 19. Rae1 Rb8 20. Rg1 Kh8 21. g4 hxg3
22. Rxg3 b5 23. axb5 axb5 24. Bh6 b4 25. Bxg7+ Kxg7 26. Qf4 bxc3 27. Qxf5 cxb2
28. Bd3 Kh8 29. Rxg6 Nxd3 30. Rh6 Rb7 31. Rb1 Rg8 32. Ng3 Qf8 33. Qh5 Qg7 0-1

[Event "Pushchino autumn 2013"]
[Site "Pushchino"]
[Date "2013.11.29"]
[Round "6.4"]
[White "Dyakonova, Ekaterina"]
[Black "Mirzoeva, Elmira"]
[Result "1/2-1/2"]
[WhiteElo "1928"]
[BlackElo "2248"]
[PlyCount "140"]
[EventDate "2013.11.24"]

1. e4 c6 2. Nc3 d5 3. Nf3 dxe4 4. Nxe4 Bf5 5. Ng3 Bg4 6. h3 Bxf3 7. Qxf3 Nf6 8.
Bc4 e6 9. c3 Bd6 10. d4 Nbd7 11. O-O O-O 12. Bf4 Bxf4 13. Qxf4 Nd5 14. Qf3 Qf6
15. Qxf6 gxf6 16. Rae1 f5 17. Bb3 N7f6 18. c4 Nf4 19. Ne2 Nxe2+ 20. Rxe2 Rad8
21. Rd1 Rd6 22. f3 Rfd8 23. Red2 f4 24. Kf1 c5 25. d5 exd5 26. Kf2 d4 27. g4
Re8 28. Bc2 Rb6 29. Bf5 Re3 30. h4 Kg7 31. Rh1 Ng8 32. g5 Ne7 33. Be4 Ng6 34.
h5 Ne5 35. b3 h6 36. Rg1 a5 37. gxh6+ Kxh6 38. Rg8 a4 39. Kf1 Nxf3 40. Rdg2
Nd2+ 41. Rxd2 axb3 42. Rdg2 Rg3 43. Rh8+ Kg7 44. Rh7+ Kg8 45. axb3 Re6 46. Bb1
Rxg2 47. Kxg2 Re1 48. Bf5 Re5 49. Bb1 Re1 50. Bf5 f3+ 51. Kf2 Re5 52. Bb1 Re2+
53. Kxf3 Re3+ 54. Kf2 Rxb3 55. Bf5 Rb6 56. Ke2 Rf6 57. Bc2 b5 58. cxb5 c4 59.
Be4 d3+ 60. Kd2 Rf2+ 61. Kd1 Rf4 62. Bxd3 Rd4 63. Rh6 Rxd3+ 64. Kc2 Rb3 65. b6
Kg7 66. Rc6 f6 67. h6+ Kxh6 68. Rxf6+ Kg7 69. Rc6 Kf7 70. Rxc4 Rxb6 1/2-1/2

[Event "Pushchino autumn 2013"]
[Site "Pushchino"]
[Date "2013.11.29"]
[Round "6.5"]
[White "Zherebtsova, Alexandra"]
[Black "Baraeva, Marina"]
[Result "1/2-1/2"]
[WhiteElo "2081"]
[BlackElo "2136"]
[PlyCount "117"]
[EventDate "2013.11.24"]

1. d4 d5 2. c4 c6 3. Nc3 Nf6 4. cxd5 cxd5 5. Bf4 a6 6. Nf3 Nc6 7. Ne5 e6 8. e3
Bd6 9. Bd3 O-O 10. Bg3 Qc7 11. f4 Nd7 12. O-O f6 13. Qh5 f5 14. Bh4 Nf6 15.
Bxf6 gxf6 16. Nf3 Bd7 17. Rac1 Rf7 18. Nd2 Qb6 19. Nb3 Nb4 20. Bb1 a5 21. Qe2
a4 22. Nd2 Be8 23. Kh1 Qa5 24. g4 Bd7 25. gxf5 exf5 26. Qh5 Re8 27. Rg1+ Kf8
28. Rg3 Re4 29. Ndxe4 dxe4 30. Bxe4 b6 31. Bb1 Qa8+ 32. Kg1 a3 33. b3 Qa5 34.
Qh6+ Ke8 35. e4 Nc6 36. Rg8+ Bf8 37. exf5 Qb4 38. Re1+ Kd8 39. Qh3 Nxd4 40. Qe3
Qc5 41. b4 Qxb4 42. Rd1 Qxc3 43. Qxd4 Qxd4+ 44. Rxd4 Kc7 45. Rc4+ Bc5+ 46. Kg2
Bb5 47. Rc3 Rd7 48. Bc2 Bc6+ 49. Kh3 Bd5 50. Bb3 Bxg8 51. Bxg8 Kc6 52. Kh4 Rg7
53. Be6 Rg2 54. h3 Rf2 55. Kg3 Re2 56. Kg4 Re3 57. Rxe3 Bxe3 58. h4 Kd6 59. Kf3
1/2-1/2

[Event "Pushchino autumn 2013"]
[Site "Pushchino"]
[Date "2013.11.29"]
[Round "6.6"]
[White "Azimova, Karina"]
[Black "Tarasova, Viktoriya"]
[Result "1/2-1/2"]
[WhiteElo "2094"]
[BlackElo "2286"]
[PlyCount "54"]
[EventDate "2013.11.24"]

1. e4 c5 2. Nf3 d6 3. d4 cxd4 4. Nxd4 Nf6 5. Nc3 a6 6. h3 g6 7. g4 Bg7 8. Bg2
O-O 9. Be3 Bd7 10. Qd2 Nc6 11. f4 Rc8 12. O-O b5 13. Rae1 (13. Rac1 Nxd4 14.
Bxd4 b4 15. Ne2 Bb5 16. Rf2 a5 17. c3 e5 18. Be3 Bc6 19. Ng3 bxc3 20. bxc3 exf4
21. Bxf4 Re8 22. Bh6 Qc7 23. Bxg7 Kxg7 24. Ne2 Bb5 25. Nd4 Ba6 26. Re1 Rb8 27.
Rf3) 13... Nxd4 14. Bxd4 b4 15. Ne2 Bb5 16. Rf2 a5 17. c3 e5 18. Be3 Bc6 19.
Ng3 bxc3 20. bxc3 exf4 21. Bxf4 Re8 22. Bh6 Qc7 23. Bxg7 Kxg7 24. Ne2 Bb5 25.
Nd4 Ba6 26. Re3 Rb8 27. Rff3 Qb7 1/2-1/2

[Event "Pushchino autumn 2013"]
[Site "Pushchino"]
[Date "2013.11.29"]
[Round "6.7"]
[White "Usacheva, Glafira"]
[Black "Ubiennykh, Ekaterina"]
[Result "0-1"]
[WhiteElo "1528"]
[BlackElo "2340"]
[PlyCount "68"]
[EventDate "2013.11.24"]

1. e4 c6 2. d4 d5 3. exd5 cxd5 4. Bd3 Nc6 5. c3 Qc7 6. h3 e6 7. Nf3 Bd6 8. O-O
f6 9. Re1 Qf7 10. c4 Nge7 11. Nc3 O-O 12. a3 Bd7 13. b4 Rac8 14. c5 Bb8 15. b5
Nd8 16. Qc2 Qh5 17. Ne2 g5 18. Nd2 e5 19. Ng3 Qf7 20. Nf5 Nxf5 21. Bxf5 Ne6 22.
Bxe6 Bxe6 23. Bb2 e4 24. Nb3 Qc7 25. g3 Bxh3 26. Qe2 Qd7 27. Kh2 Bg4 28. Qf1 f5
29. Bc1 f4 30. Qg2 Rf6 31. c6 Qf7 32. gxf4 Qh5+ 33. Kg1 Bf3 34. Qxg5+ Rg6 0-1

[Event "Pushchino autumn 2013"]
[Site "Pushchino"]
[Date "2013.11.29"]
[Round "6.8"]
[White "Baraeva, Irina"]
[Black "Fomkina, Maria G"]
[Result "1-0"]
[WhiteElo "2211"]
[BlackElo "1906"]
[PlyCount "97"]
[EventDate "2013.11.24"]

1. d4 d5 2. Nf3 Bg4 3. c4 Bxf3 4. gxf3 c6 5. cxd5 cxd5 6. Qb3 Nc6 7. e3 Qd7 8.
Nc3 e6 9. Bg2 Nf6 10. O-O Be7 11. Qd1 O-O 12. b3 Rac8 13. Bb2 Rfd8 14. Rc1 Ne8
15. Na4 b6 16. Re1 Nd6 17. Bf1 Nb4 18. Nc3 b5 19. a3 Na6 20. a4 Nc7 21. axb5
Ncxb5 22. Na4 Nb7 23. Qd3 N5d6 24. Qa6 Ra8 25. Nc5 Nxc5 26. dxc5 Nf5 27. c6 Qc7
28. Bc3 Bc5 29. b4 Bb6 30. Bb2 f6 31. Bh3 Rd6 32. Qd3 Nh4 33. Qe2 Rxc6 34.
Bxe6+ Kh8 35. Bxd5 Rxc1 36. Rxc1 Qd8 37. Bxa8 Qxa8 38. Rc4 Ng6 39. Qc2 Ne7 40.
Qe4 Qd8 41. Bd4 h6 42. Bxb6 axb6 43. Rd4 Qc7 44. Kg2 Ng8 45. b5 Qf7 46. Rd6 h5
47. Rxb6 g6 48. Rb8 Qc7 49. Qe8 1-0

[Event "Pushchino autumn 2013"]
[Site "Pushchino"]
[Date "2013.11.28"]
[Round "5.1"]
[White "Guseva, Marina"]
[Black "Charochkina, Daria"]
[Result "0-1"]
[WhiteElo "2399"]
[BlackElo "2337"]
[PlyCount "39"]
[EventDate "2013.11.24"]

1. d4 Nf6 2. c4 e6 3. Nf3 b6 4. g3 Bb4+ 5. Bd2 Be7 6. Bg2 O-O 7. O-O Bb7 8. Nc3
d5 9. cxd5 Nxd5 10. Rc1 Nd7 11. Qc2 c5 12. Rfd1 Rc8 13. Qb1 c4 14. Nxd5 Bxd5
15. e4 Bb7 16. Be3 f5 17. d5 Nc5 18. dxe6 Qe8 19. Ne5 fxe4 20. Rxc4 0-1

[Event "Pushchino autumn 2013"]
[Site "Pushchino"]
[Date "2013.11.28"]
[Round "5.2"]
[White "Rodionova, Polina"]
[Black "Belenkaya, Dina"]
[Result "0-1"]
[WhiteElo "2095"]
[BlackElo "2227"]
[PlyCount "58"]
[EventDate "2013.11.24"]

1. e4 c6 2. Nc3 d5 3. Nf3 dxe4 4. Nxe4 Nf6 5. Qe2 Bf5 6. d3 e6 7. Ng3 Bg6 8.
Ne5 Nbd7 9. Nxg6 hxg6 10. Ne4 Qc7 11. g3 O-O-O 12. Ng5 Nc5 13. b4 Na4 14. Bd2
Nd5 15. a3 Nac3 16. Bxc3 Nxc3 17. Qe3 Nb5 18. Kd1 Kb8 19. Nf3 Be7 20. d4 Nxd4
21. Nxd4 Bf6 22. c3 e5 23. Qf3 exd4 24. c4 d3 25. Ra2 Qe5 26. Qf4 Qxf4 27. gxf4
Bc3 28. h4 Rhe8 29. Bg2 d2 0-1

[Event "Pushchino autumn 2013"]
[Site "Pushchino"]
[Date "2013.11.28"]
[Round "5.3"]
[White "Tarasova, Viktoriya"]
[Black "Ovod, Evgenija"]
[Result "1/2-1/2"]
[WhiteElo "2286"]
[BlackElo "2378"]
[PlyCount "77"]
[EventDate "2013.11.24"]

1. d4 e6 2. c4 b6 3. a3 Bb7 4. Nc3 f5 5. Nf3 Nf6 6. g3 Ne4 7. Nxe4 Bxe4 8. Bh3
c5 9. d5 exd5 10. cxd5 Bd6 11. O-O Bxf3 12. exf3 O-O 13. f4 a5 14. Qd3 g6 15.
Bd2 Na6 16. Bg2 Nc7 17. a4 Ne8 18. Bc3 Rc8 19. Qc4 h5 20. Rfe1 Kh7 21. Re3 Rf7
22. Rae1 Nf6 23. h3 Qc7 24. Be5 Rcf8 25. R1e2 Ng8 26. Qc3 Qb8 27. b3 Rc8 28.
Qc4 Rcf8 29. Bf3 Nh6 30. Qc3 Rg8 31. Bxd6 Qxd6 32. Qe5 Rf6 33. Qe7+ Rg7 34. Qe8
Rf8 35. Qe5 Nf7 36. Qc3 Nh6 37. Qe5 Nf7 38. Qc3 Nh6 39. Qe5 1/2-1/2

[Event "Pushchino autumn 2013"]
[Site "Pushchino"]
[Date "2013.11.28"]
[Round "5.4"]
[White "Schepetkova, Margarita"]
[Black "Mirzoeva, Elmira"]
[Result "1-0"]
[WhiteElo "2252"]
[BlackElo "2248"]
[PlyCount "73"]
[EventDate "2013.11.24"]

1. d4 d5 2. c4 c6 3. Nc3 dxc4 4. e3 b5 5. a4 b4 6. Ne4 Qd5 7. Ng3 Nf6 8. Be2 e5
9. dxe5 Qxd1+ 10. Bxd1 Nfd7 11. f4 Nc5 12. Be2 Nd3+ 13. Bxd3 cxd3 14. Nf3 c5
15. b3 Nc6 16. Nd2 Na5 17. Rb1 Be7 18. O-O O-O 19. Bb2 Be6 20. f5 Nxb3 21. Nde4
Bd5 22. f6 gxf6 23. exf6 Bd8 24. Rf4 c4 25. Be5 Bb6 26. Nf5 Bxe4 27. Rxe4 c3
28. Bf4 c2 29. Rf1 Kh8 30. Bh6 Rg8 31. Bg7+ Rxg7 32. fxg7+ Kg8 33. Rg4 h5 34.
Ne7+ Kh7 35. g8=Q+ Rxg8 36. Rxf7+ Rg7 37. Rgxg7+ 1-0

[Event "Pushchino autumn 2013"]
[Site "Pushchino"]
[Date "2013.11.28"]
[Round "5.5"]
[White "Baraeva, Marina"]
[Black "Dyakonova, Ekaterina"]
[Result "1/2-1/2"]
[WhiteElo "2136"]
[BlackElo "1928"]
[PlyCount "90"]
[EventDate "2013.11.24"]

1. d4 Nf6 2. c4 g6 3. Nc3 Bg7 4. e4 d6 5. Be2 O-O 6. Nf3 e5 7. Be3 Ng4 8. Bg5
f6 9. Bh4 g5 10. Bg3 Nh6 11. dxe5 dxe5 12. Qxd8 Rxd8 13. Nd5 Na6 14. O-O-O Be6
15. Ne1 c6 16. Ne3 Rxd1+ 17. Bxd1 Nc5 18. f3 Nf7 19. Bf2 Bf8 20. h4 h6 21. Bc2
Rd8 22. hxg5 hxg5 23. g4 a5 24. b3 b5 25. cxb5 cxb5 26. Nf5 b4 27. Rh2 Rc8 28.
Kb2 Nd6 29. Nxd6 Bxd6 30. Be3 Kf8 31. Rh7 Bf7 32. Rh8+ Bg8 33. Rh2 Ke7 34. Rd2
Be6 35. Bd1 Nd7 36. Rc2 Rxc2+ 37. Nxc2 Bc5 38. Bd2 Nb8 39. Be2 Nc6 40. Bc1 Nd4
41. Nxd4 Bxd4+ 42. Kc2 Kd6 43. a3 Kc5 44. axb4+ axb4 45. Bd3 Bf7 1/2-1/2

[Event "Pushchino autumn 2013"]
[Site "Pushchino"]
[Date "2013.11.28"]
[Round "5.6"]
[White "Ubiennykh, Ekaterina"]
[Black "Baraeva, Irina"]
[Result "1/2-1/2"]
[WhiteElo "2340"]
[BlackElo "2211"]
[PlyCount "203"]
[EventDate "2013.11.24"]

1. d4 d5 2. c4 c6 3. cxd5 cxd5 4. Bf4 Nc6 5. e3 Nf6 6. Nc3 a6 7. Bd3 Bg4 8.
Nge2 e6 9. f3 Bh5 10. Rc1 Rc8 11. O-O Be7 12. Bg3 O-O 13. Nf4 Bg6 14. Nxg6 hxg6
15. Qe2 Qa5 16. Bb1 b5 17. Rc2 Qb6 18. Rfc1 Ne8 19. Bf2 Nd6 20. b3 Nb7 21. Nd1
Ba3 22. Nb2 Bxb2 23. Rxb2 Nxd4 24. Qd1 Rxc1 25. Qxc1 Nc6 26. Bd3 Nd6 27. Bf1
Rc8 28. Rc2 Ne7 29. Rxc8+ Ndxc8 30. e4 d4 31. h4 Nd6 32. g4 e5 33. Be1 Qc6 34.
Qa3 Nec8 35. Bd3 Nb7 36. Bd2 Nc5 37. Qc1 Ne7 38. Bf1 Ne6 39. Qd1 Qc5 40. Kf2
Nc6 41. Ke1 Nb4 42. Qb1 Nc2+ 43. Kd1 Ne3+ 44. Ke1 Qe7 45. g5 Nxf1 46. Kxf1 Qc5
47. a4 Nd8 48. axb5 Qxb5+ 49. Ke1 Nb7 50. Qc2 Nc5 51. Qc4 Nxb3 52. Qc8+ Kh7 53.
h5 Qb6 54. hxg6+ fxg6 55. Qh3+ Kg8 56. Qc8+ Kf7 57. Qd7+ Kf8 58. Qc8+ $11 Ke7
59. Qg8 Nxd2 60. Qxg7+ Kd8 61. Qf8+ Kd7 62. Qf7+ Kc8 63. Qe8+ Kb7 64. Kxd2 Qb2+
65. Ke1 Qc1+ 66. Kf2 Qe3+ 67. Kg2 Qxg5+ 68. Kf2 Qf6 69. Qa4 Qd6 70. Qb3+ Kc6
71. Qc4+ Kb6 72. Qb3+ Ka5 73. Qa2+ Kb5 74. Qb3+ Kc6 75. Qc4+ Kd7 76. Qf7+ Kd8
77. Qg8+ Kc7 78. Qf7+ Kb8 79. Qg8+ Ka7 80. Qf7+ Kb6 81. Qb3+ Ka5 82. Qa2+ Kb4
83. Qb2+ Kc4 84. Qc2+ Kb5 85. Qb3+ Qb4 86. Qe6 Qd2+ 87. Kg3 Qf4+ 88. Kg2 Qd2+
89. Kg3 Qe1+ 90. Kg2 Qe2+ 91. Kg3 d3 92. Qxe5+ Kc4 93. Qd5+ Kc3 94. Qa5+ Kb2
95. Qb4+ Kc2 96. Qa4+ Kd2 97. Qb4+ Kd1 98. Qb1+ Kd2 99. Qb4+ Kc1 100. Qa3+ Kd1
101. Qa1+ Kc2 102. Qa4+ 1/2-1/2

[Event "Pushchino autumn 2013"]
[Site "Pushchino"]
[Date "2013.11.28"]
[Round "5.7"]
[White "Zherebtsova, Alexandra"]
[Black "Fomkina, Maria G"]
[Result "1-0"]
[WhiteElo "2081"]
[BlackElo "1906"]
[PlyCount "53"]
[EventDate "2013.11.24"]

1. f4 d5 2. Nf3 c5 3. g3 Bf5 4. Bg2 Nf6 5. d3 Nc6 6. c3 Qd7 7. h3 h6 8. Nbd2
O-O-O 9. Nb3 e6 10. Be3 b6 11. a4 c4 12. Nbd4 Nxd4 13. Bxd4 Qc7 14. a5 b5 15.
b3 Bc5 16. bxc4 dxc4 17. O-O cxd3 18. exd3 Nd5 19. Kh1 Ne3 20. Bxe3 Bxe3 21.
Qe2 Rxd3 22. Ne5 Rxc3 23. Qxb5 Rd8 24. Qa6+ Kb8 25. Rab1+ Bxb1 26. Rxb1+ Bb6
27. axb6 1-0